Missiology : (Record no. 9014)
[ view plain ]
| 000 -LEADER | |
|---|---|
| fixed length control field | 03653cam a2200301 a 4500 |
| 001 - CONTROL NUMBER | |
| control field | 38602091 |
| 003 - CONTROL NUMBER IDENTIFIER | |
| control field | OCoLC |
| 005 - DATE AND TIME OF LATEST TRANSACTION | |
| control field | 20241126110703.0 |
| 008 - FIXED-LENGTH DATA ELEMENTS--GENERAL INFORMATION | |
| fixed length control field | 980306s1998 tnua b 001 0 eng |
| 010 ## - | |
| -- | 98003541 |
| 020 ## - INTERNATIONAL STANDARD BOOK NUMBER | |
| International Standard Book Number | 0805410759 (pbk.) |
| 020 ## - INTERNATIONAL STANDARD BOOK NUMBER | |
| International Standard Book Number | 0080540759 |
| 040 ## - CATALOGING SOURCE | |
| Original cataloging agency | DLC |
| Transcribing agency | DLC |
| Modifying agency | ZID |
| -- | PGM |
| -- | OCL |
| -- | BSC |
| 082 ## - DEWEY DECIMAL CLASSIFICATION NUMBER | |
| Classification number | 266 |
| Item number | MIS |
| 092 ## - LOCALLY ASSIGNED DEWEY CALL NUMBER (OCLC) | |
| Classification number | 266 |
| Item number | M678t |
| 245 00 - TITLE STATEMENT | |
| Title | Missiology : |
| Remainder of title | an introduction to the foundations, history, and strategies of world missions / |
| Statement of responsibility, etc. | edited by John Mark Terry, Ebbie Smith and Justice Anderson. |
| 260 ## - PUBLICATION, DISTRIBUTION, ETC. | |
| Place of publication, distribution, etc. | Nashville, Tenn. : |
| Name of publisher, distributor, etc. | Broadman & Holman Publishers, |
| Date of publication, distribution, etc. | c1998. |
| 300 ## - PHYSICAL DESCRIPTION | |
| Extent | ix, 750 p. : |
| Other physical details | ill. ; |
| Dimensions | 23 cm. |
| 504 ## - BIBLIOGRAPHY, ETC. NOTE | |
| Bibliography, etc. note | Includes bibliographical references (p. 685-732) and indexes. |
| 505 0# - FORMATTED CONTENTS NOTE | |
| Formatted contents note | An overview of missiology / Justice Anderson -- The purpose of missions / Gerald D. Wright -- The present situation in missions / Jerry A. Rankin -- Old Testament foundations for missions / W. Bryant Hicks -- The Gospels and Acts : Jesus the missionary and His missionary followers / Robert Garrett -- Missions in the Pauline Epistles / George Martin -- The missionary mandate of God's nature / G. William Schweer -- The missionary purpose of God's people / Ron Rogers -- The missionary motivation of God's salvation / J. Sam Simmons -- The state of the unevangelized and its missionary implications / Millard J. Erickson -- The history of missions in the early church / John Mark Terry -- Medieval and Renaissance missions (500-1792) ; The great century and beyond (1792-1910) / Justice Anderson -- Garden or wilderness? : the mission to America / Charles L. Chaney -- Turbulent and transitional : the story of missions in the twentieth century / R. Alton James -- Culture : the milieu of missions / Ebbie Smith -- Cross-cultural communication / Robert Don Hughes -- "To be or not to be?" : the indigenous church question / Keith E. Eitel -- Contextualization and the missionary endeavor / Daniel R. Sanchez -- Missionary call and service / William E. Goff -- Traditional religions : primal religiosity and mission dynamics / Keith E. Eitel -- Eastern religions / Ronald C. Hill -- The religions of the Middle East : Islam and Judaism / James D. Chancellor and Jeffery Wasserman -- Contemporary cults / R. Philip Roberts -- Contemporary theology of religions ; Introduction to the strategy and methods of missions / Ebbie Smith -- Contextual evangelism strategies / C. Thomas Wright -- Strategies for starting churches / Daniel R. Sanchez -- Strategies for church growth / Thom S. Rainer -- Strategies for church development / James B. Slack -- Strategies for humanitarian ministries / John Cheyne -- Theological education and missions : an African case study / Vance C. Kirkpatrick -- Religious education and missions / Tommy L. Bridges -- Strategies for music in missions / J. Stanley Moore -- Strategies for ethnic ministries / Jose A. Hernandez -- Strategies for the development of the spiritual life of missionaries / Marion G. Fray -- Strategies for missions education in the local church / Monte Clendinning -- The missionary family / Dellana O'Brien -- Spiritual warfare and the missionary task / Tommy D. Lea -- Thriving in the ecotones : the local church and world missions / James Dennison -- One for all and all for one : a case study / Robert E. Reccord -- The unfinished task / Avery T. Willis, Jr. |
| 610 20 - SUBJECT ADDED ENTRY--CORPORATE NAME | |
| Corporate name or jurisdiction name as entry element | Southern Baptist Convention |
| General subdivision | Missions. |
| 9 (RLIN) | 3773 |
| 650 #0 - SUBJECT ADDED ENTRY--TOPICAL TERM | |
| Topical term or geographic name entry element | Missions. |
| 9 (RLIN) | 885 |
| 650 #0 - SUBJECT ADDED ENTRY--TOPICAL TERM | |
| Topical term or geographic name entry element | Baptists |
| General subdivision | Missions. |
| 9 (RLIN) | 2908 |
| 700 1# - ADDED ENTRY--PERSONAL NAME | |
| Personal name | Terry, John Mark, |
| Dates associated with a name | 1949- |
| 9 (RLIN) | 15739 |
| 700 1# - ADDED ENTRY--PERSONAL NAME | |
| Personal name | Smith, Ebbie C. |
| 9 (RLIN) | 15740 |
| 700 1# - ADDED ENTRY--PERSONAL NAME | |
| Personal name | Anderson, Justice, |
| Dates associated with a name | 1929- |
| 9 (RLIN) | 15741 |
| 942 ## - ADDED ENTRY ELEMENTS (KOHA) | |
| Source of classification or shelving scheme | Dewey Decimal Classification |
| Koha item type | Books |
| Koha issues (borrowed), all copies | 3 |
| Withdrawn status | Lost status | Source of classification or shelving scheme | Damaged status | Not for loan | Home library | Current Library | Shelving location | Date acquired | Total checkouts | Total renewals | Full call number | Barcode | Date last seen | Date last checked out | Copy number | Price effective from | Koha item type |
|---|---|---|---|---|---|---|---|---|---|---|---|---|---|---|---|---|---|
| Dewey Decimal Classification | GRACE BIBLE COLLEGE | GRACE BIBLE COLLEGE | Ministry & Mission | 2022-02-21 | 7 | 2 | 266 MIS | 014667 | 2026-03-06 | 2026-03-05 | c.1 | 2022-02-21 | Books |